000 00821nam a2200253 a 4500
001 BRL_1632
005 20190320211311.0
008 150414s1984----mx-#######---#000-0#spa-#
020 _a968161609X
041 _aspa
044 _amx
050 4 _aF1359
_b.B67 1984
100 1 _aBrasseur, Charles
_d1814-1874
_94550
245 1 0 _aViaje por el itsmo de Tehuantepec
_cCharles Brasseur ; traducción Luis Roberto Vera.
260 _aMéxico
_bFCE : SEP : CULTURA SEP
_c1984
300 _a200 p.
_c19 cm.
440 0 _aLecturas mexicanas
_v18
_927492
500 _aAu1871
500 _aVer también número de sistema 1391 perteneciente al Fondo Contemporáneo
650 1 4 _aIstmo de Tehuantepec (México)
_xDescripción y viajes
_927493
700 1 _aRoberto Vera, Luis
_etr.
_94554
902 _aGRL
942 _2lcc
_cB
999 _c10441
_d10441